000
00290 a2200121 4500
001
75688
005
20260304162119.0
010
_a
2-7436-00497
090
_a
75688
100
_a
20260304 pory50
200
_a
Considérations morales
_f
Hannah Arendt
210
_c
Payot & Rivages
_d
1996
942
_c
MON